00721nam a2200133 4500008001000000082001500010100002300025245003000048260004100078300003900119505034700158650006000505700002200565708 C114v a708bC114v aCabezas, Victoria  aGive me what you ask for  aNueva York bAmericas Society c2019 a104 p.bill (col)c18,5 x 11,5 cm  tForeword rSusan Segal tVictoria Cabezas and Priscilla Monge: Our Bodies Ourselves rMiguel A. López tVictoria Cabezas: Slipping on the Banana Peel of Life rAntonella Pelizzari tWorks tBiograhpy and Selected Bibliography tPriscilla Monge: Personal Stories and Political Undercurrents rCoco Fusco tWorkstBiography and Selected Works xarte contemporáneo xarte - exhibiciones xCosta Rica aMonge, Priscilla